| 000 | 01081nam a2200229Ia 4500 | ||
|---|---|---|---|
| 001 | L268-21504 | ||
| 003 | IT-CnALBA | ||
| 008 | 170116s9999||||xx |||||||||||||| ||und|| | ||
| 040 |
_aIT-CnALBA _cIT-CnALBA |
||
| 041 | _aITALIANO | ||
| 100 | _aBERNARDINI MARIA A. | ||
| 245 | 0 | _aGUIDA ALLA SPIEGAZIONE DELLA DOTTRINA CRISTIANA. CLASSE II. | |
| 250 | _a1a ed. | ||
| 260 |
_aCINISELLO BALSAMO (MI) _bEDIZIONI PAOLINE _c1952 [1° Ed.:1952 - Ed.Ling.Originale: 1952] |
||
| 300 | _a158 p. | ||
| 500 | _aDIO CREATORE E SIGNORE. ATTRIBUTI. PARADISO INFERNO. TRINITÀ. GESÙ SALVATORE. SPIRITO SANTO. REDENZIONE. MADRE DI DIO. RISURREZIONE. GESÙ GIUDICE. COMANDAMENTI SACRAMENTI PREGHIERA. | ||
| 501 | _aSocietà San Paolo EM - Piazza San Paolo, 14 - 12051 ALBA (CN) (non commercial uses only) ® Copyright 2017 | ||
| 520 | _aDIO CREATORE E SIGNORE. ATTRIBUTI. PARADISO INFERNO. TRINITÀ. GESÙ SALVATORE. SPIRITO SANTO. REDENZIONE. MADRE DI DIO. RISURREZIONE. GESÙ GIUDICE. COMANDAMENTI SACRAMENTI PREGHIERA. | ||
| 650 | _aCATECHESI | ||
| 942 | _cBK | ||
| 957 | _71 | ||
| 999 |
_a26243 _bNO _g Copie: 1 _c280605 _d280605 |
||